Statistics for US states with greatest native American population

Click here to take the quiz!

General Stats

  • This quiz has been taken 77 times
  • The average score is 8 of 10

Answer Stats

PopAnswer% Correct
362801California
94%
193222New Mexico
93%
296529Arizona
90%
321687Oklahoma
89%
170972Texas
89%
103869Washington
86%
106906New York
82%
71817South Dakota
80%
104871Alaska
75%
122110North Carolina
52%

Score Distribution

Percentile by Number Answered

Percent of People with Each Score

Your Score History

You have not taken this quiz